| 000 | 00608nam a2200217 a 4500 | ||
|---|---|---|---|
| 005 | 20240806063957.0 | ||
| 008 | 040303s1996 mx r 000 0 spa d | ||
| 020 | _a8489666202 | ||
| 035 | _aUPN01000136960 | ||
| 049 | _aCG | ||
| 050 | 4 |
_aPQ7499 A8.2 _bH6.5a 1996 |
|
| 100 | 1 |
_aAsturias, Miguel Angel, _d1899-1974 _927927 |
|
| 245 | 1 | 0 |
_aHombres de maíz / _cMiguel Angel Asturias. |
| 250 | _a2a ed. | ||
| 260 |
_aMadrid : _bALLCA XX : _bUNESCO, _c1996. |
||
| 300 | _a764 p. | ||
| 440 | 0 |
_aArchivos ; _v21 |
|
| 500 | _a"Edición crítica" | ||
| 650 | 4 |
_aLiteratura guatemalteca _913502 |
|
| 905 | _aLibro | ||
| 999 |
_c109111 _d109111 |
||